[Event "8th Llucmajor Open 2019"]
[Site "S'Arenal de Llucmajor"]
[Date "2019.05.19"]
[Round "2.5"]
[White "Fier, Alexandr"]
[Black "Hristodorescu, Daniel"]
[Result "1-0"]
[WhiteElo "2555"]
[BlackElo "2261"]
[Annotator "TA"]
[PlyCount "87"]
[EventDate "2019.05.19"]
[EventType "swiss"]
[EventCountry "ESP"]
[SourceTitle "playchess.com"]
[Source "ChessBase"]
[SourceQuality "1"]

{[%evp 14,87,0,7,18,-12,28,6,12,18,16,15,14,16,12,12,41,43,45,44,45,40,65,46,47,-22,-22,-19,-14,-65,-60,-60,-65,-66,-66,-71,-86,-76,-68,-113,-105,-121,-73,-78,-69,-79,-74,-77,-47,-78,-51,-45,-37,-15,-8,-8,-9,-16,0,0,0,0,0,-7,0,0,0,0,0,0,225,221,204,75,82,76]} 1. d4 Nf6 2. c4 c5 3. Nf3 cxd4 4. Nxd4 Nc6 5. Nc3 e5 6. Ndb5 d6 7. Bg5 a6 8. Na3 Be6 {A33: Symmetrical English: 2 Nf3 Nf6 3 d4 cxd4 4 Nxd4 e6 5 Nc3 Nc6} 9. g3 Be7 10. Bxf6 Bxf6 {The position is equal.} 11. Bg2 O-O 12. O-O Rc8 13. Qd2 $146 ({Predecessor:} 13. Nd5 Bg5 14. e3 f5 15. Qb3 Na5 16. Qb4 e4 {½-½ (32) Shimanov,A (2642)-Li,R (2574) Saint Louis 2017}) 13... Qa5 14. Rfd1 Rfd8 15. Nd5 Qxd2 16. Rxd2 Bxd5 17. Bxd5 Rc7 18. h4 Nb4 19. e4 (19. Rad1 $14) 19... g5 $11 20. h5 g4 21. b3 (21. Rf1 $11) 21... Bg5 $36 {[%mdl 2048] Black is pushing.} 22. Re2 Kg7 23. Rd1 Kh6 ({Reject} 23... Nxd5 24. Rxd5 Kh6 25. Nc2 $11) 24. Nb1 Nxd5 25. Rxd5 b5 26. Nc3 Kxh5 27. a4 bxa4 28. Nxa4 Rc6 29. Ra2 Rb8 30. Ra3 Kg6 31. c5 Be7 {[%cal Rd6c5]} 32. Nb6 f6 33. Nc4 {[%cal Rc5d6]} Rxc5 (33... dxc5 {is more complex.} 34. Rxe5 Bf8 35. Kg2 Rbc8 36. Rd5 Re6) 34. Rxc5 dxc5 35. Rxa6 $11 {[%mdl 4096] Endgame KRB-KRN} Kg5 36. Ra7 Bf8 37. Rxh7 Rxb3 38. Ne3 c4 39. Rc7 c3 40. Rc8 Bd6 41. Kg2 {With the idea Rg8+.} Bb8 $2 {[#]} (41... Ba3 $11 {and Black is okay.}) 42. Rg8+ $1 $18 Kh5 {[#]} 43. Nxg4 (43. Nd5 $1 $18 {[%cal Rd5f6]} Kh6 44. Nxf6) 43... Rb6 $16 {next ...c2 is good for Black.} 44. Ne3 {Accuracy: White = 56%, Black = 52%.} 1-0

[Event "8th Llucmajor Open 2019"]
[Site "S'Arenal de Llucmajor"]
[Date "2019.05.20"]
[Round "2.6"]
[White "Galiana Salom, Juan Ramon"]
[Black "Rasmussen, Allan Stig"]
[Result "0-1"]
[WhiteElo "2267"]
[BlackElo "2552"]
[Annotator "TA"]
[PlyCount "52"]
[EventDate "2019.05.19"]
[EventType "swiss"]
[EventCountry "ESP"]
[SourceTitle "playchess.com"]
[Source "ChessBase"]
[SourceQuality "1"]

{[%evp 9,92,16,12,-5,-8,-27,-20,-40,-53,-41,-38,-51,-20,-20,-20,-22,-23,-22,-11,-19,-33,-33,0,-13,-12,-16,0,-68,-61,-78,-73,-66,-75,-170,-161,-205,-210,-213,-193,-188,-195,-182,-187,-213,-212,-238,-208,-202,-236,-223,-230,-241,-267,-281,-254,-255,-262,-267,-285,-337,-330,-312,-311,-288,-295,-285,-293,-344,-344,-316,-286,-287,-287,-287,-286,-373,-372,-368,-344,-360,-360,-363,-352,-469,-467]} 1. e4 e5 2. Nf3 Nc6 3. Bb5 a6 4. Ba4 Nge7 5. d3 (5. Bb3 d5 6. Nc3 Be6 7. Ng5 Qd7 8. Nxe6 fxe6 9. O-O O-O-O 10. d3 Nd4 11. f4 Nxb3 12. axb3 exf4 13. Bxf4 {½-½ (22) Ragger,M (2701)-Demchenko,A (2679) Germany 2019}) 5... g6 6. Bg5 {C70: Ruy Lopez: 3...a6 4 Ba4, Norwegian and Delayed Schliemann} Bg7 7. Nc3 h6 8. Bh4 {The position is equal.} g5 9. Bg3 d6 10. Nd2 $146 ({Predecessor:} 10. Nd5 b5 11. Bb3 Na5 {0-1 (30) Bednarczyk,S (1494)-Maka,M (2036) Lublin 2012}) 10... Ng6 11. Nd5 b5 12. Bb3 Nd4 13. Ne3 c6 14. c3 Nxb3 15. axb3 Qf6 16. h3 Nf4 17. Nf3 O-O 18. Nh2 (18. O-O $11) 18... d5 19. O-O Rd8 20. exd5 cxd5 21. Re1 (21. d4 $17) 21... Qg6 $19 22. Bxf4 gxf4 23. Neg4 e4 24. dxe4 h5 25. exd5 {Strongly threatening Ne5.} hxg4 26. hxg4 {[#]} Bb7 {Played: Bc8-e6} 0-1

[Event "8th Llucmajor Open 2019"]
[Site "S'Arenal de Llucmajor"]
[Date "2019.05.20"]
[Round "2.7"]
[White "Lindh, Frederick"]
[Black "Nasuta, Grzegorz"]
[Result "1/2-1/2"]
[WhiteElo "2261"]
[BlackElo "2518"]
[Annotator "TA"]
[PlyCount "98"]
[EventDate "2019.05.19"]
[EventType "swiss"]
[EventCountry "ESP"]
[SourceTitle "playchess.com"]
[Source "ChessBase"]
[SourceQuality "1"]

{[%evp 22,98,45,0,0,2,8,0,5,0,6,0,18,22,30,-49,-56,-60,-22,-45,-31,-61,-18,-19,-21,-19,-23,-29,-23,-22,-15,-58,-48,-51,0,-41,-38,-39,-33,-51,-51,-58,-61,-64,-67,-68,-68,-70,-68,-72,-29,-56,-49,-96,-96,-79,-67,-106,-111,-89,-112,-712,-685,-745,0,0,0,-63,0,0,0,-78,8,8,40,48,273,225,232]} 1. e4 e5 2. Nf3 Nc6 3. Bb5 a6 4. Ba4 Nf6 5. O-O Be7 6. Re1 b5 7. Bb3 d6 8. c3 O-O 9. h3 Nb8 10. d4 Nbd7 11. c4 c6 12. a3 bxc4 {C95: Closed Ruy Lopez: Breyer Variation with 10 d4} (12... Bb7 13. Nc3 Rb8 14. Be3 Ba8 15. Qc2 h6 16. Rad1 Qc7 17. Ba2 Rbc8 18. Rc1 Qb8 19. Nh4 Rfe8 20. Nf5 Bf8 21. cxb5 axb5 {0-1 (46) Smirin,I (2609)-Kamsky,G (2666) St Petersburg 2018}) 13. Bxc4 Nxe4 {[%mdl 64] [#] Remove Defender, Decoy} 14. Rxe4 {And now Bb3 would win.} d5 {[%mdl 64] Double Attack. The position is equal.} 15. Re1 dxc4 16. Nc3 $146 ({Predecessor:} 16. Nxe5 Nxe5 17. dxe5 Qxd1 18. Rxd1 Rb8 19. Nc3 Bf5 20. Rd4 {½-½ (33) Makropoulou,M (2201)-Saduakassova,D (2342) Dubai 2014}) 16... Rb8 17. Qe2 Re8 18. Nxe5 (18. Be3 $11) 18... Nxe5 $15 19. dxe5 Qd3 20. Bf4 Be6 21. Rad1 Qxe2 (21... Qg6 {with more complications.} 22. Kh1 Rb3 23. Ne4 Bd5 24. f3 Bxe4 25. fxe4 Qe6) 22. Rxe2 Rb3 23. Ne4 Reb8 24. Bc1 Rd3 25. Rde1 h6 26. Be3 Rb5 27. f4 Bd5 (27... Bf5 $15 28. a4 Ra5) 28. Nd6 (28. Nc3 {is more complex.} Rb3 29. Na4 g6 30. Bc5 Bd8 31. Bf2) 28... Bxd6 29. exd6 Be6 30. g4 g6 31. Rd2 Rbd5 $36 {[%mdl 2048] Black is more active.} 32. Rxd3 cxd3 {[%mdl 4096] Endgame KRB-KRB} 33. Bd2 Rxd6 34. Re5 f6 35. Ra5 Bc4 36. Rc5 Bd5 37. Kf2 Re6 38. Be3 f5 39. Ra5 fxg4 40. hxg4 h5 41. g5 $2 {[%mdl 8192]} (41. gxh5 $17 gxh5 42. Rxa6) 41... h4 $19 42. Rxa6 {intending Ra8+.} h3 $2 (42... Re8 $19 {White must now prevent ...h3.} 43. Ra5 h3) 43. Ra8+ $11 Kf7 {Strongly threatening ...h2.} (43... Kg7 $5 44. Ra7+ $8 Kg8 45. Ra8+ Kg7 46. Ra7+ Kg8 47. Ra8+ $11) 44. Ra7+ (44. Rh8 $11) 44... Ke8 ({Black should try} 44... Re7 $1 $15 45. Rxe7+ Kxe7) 45. Rh7 Bg2 46. Rh6 {[#]} (46. a4 $11) 46... Rd6 (46... Re4 $1 $17) 47. Ke1 c5 48. f5 gxf5 $2 (48... Kf7 $1 $14) 49. Rxd6 $18 h2 {Accuracy: White = 43%, Black = 58%.} 1/2-1/2

[Event "8th Llucmajor Open 2019"]
[Site "S'Arenal de Llucmajor"]
[Date "2019.05.20"]
[Round "3.1"]
[White "Petrov, Nikita"]
[Black "Girish, A. Koushik"]
[Result "1/2-1/2"]
[WhiteElo "2610"]
[BlackElo "2444"]
[Annotator "TA"]
[PlyCount "50"]
[EventDate "2019.05.19"]
[EventType "swiss"]
[EventCountry "ESP"]
[SourceTitle "playchess.com"]
[Source "ChessBase"]
[SourceQuality "1"]

{[%evp 19,50,16,27,12,17,4,22,3,20,12,18,11,12,7,16,17,11,10,25,22,64,81,97,88,95,85,95,70,64,43,52,43,44]} 1. e4 e5 2. Nf3 Nc6 3. Bb5 a6 4. Ba4 Nf6 5. O-O Be7 6. Re1 b5 7. Bb3 O-O 8. a4 b4 9. d4 d6 10. dxe5 Nxe5 11. Nxe5 {C88: Closed Ruy Lopez: Anti-Marshall Systems} (11. Nbd2 Bb7 12. Nxe5 dxe5 13. Qf3 Kh8 14. Nc4 Bxe4 15. Qh3 Qc8 16. Qxc8 Raxc8 17. Bg5 Bd5 18. Rxe5 Be6 {½-½ (48) Howell,D (2693)-Onischuk,A (2647) Astana 2019}) 11... dxe5 12. Qe2 Bc5 13. Nd2 {The position is equal.} a5 14. Nc4 Ng4 15. Ne3 Qh4 $146 ({Predecessor:} 15... Nf6 16. h3 Qe7 17. Bd2 c6 18. Qf3 Be6 {½-½ (29) Rowies,A (2375)-Dos Santos,M (2412) ICCF email 2011}) 16. h3 Nf6 (16... Nh6 {with more complications.} 17. Nd5 Ra6 18. Be3 Bxe3 19. Qxe3 Rg6) 17. Nf5 Bxf5 $1 18. exf5 Bd4 19. Rb1 Ne8 20. Be3 Nd6 21. Bxd4 exd4 22. Qe5 Qf6 23. Qc5 Qxf5 {White is slightly better.} 24. Qxd4 Rae8 25. Rbd1 g6 {Accuracy: White = 65%, Black = 55%.} 1/2-1/2

[Event "8th Llucmajor Open 2019"]
[Site "S'Arenal de Llucmajor"]
[Date "2019.05.20"]
[Round "3.2"]
[White "Hovhannisyan, Mher"]
[Black "Zubov, Alexander"]
[Result "0-1"]
[WhiteElo "2454"]
[BlackElo "2597"]
[Annotator "TA"]
[PlyCount "78"]
[EventDate "2019.05.19"]
[EventType "swiss"]
[EventCountry "ESP"]
[SourceTitle "playchess.com"]
[Source "ChessBase"]
[SourceQuality "1"]

{[%evp 14,78,27,25,21,10,14,4,6,11,16,-15,11,8,0,0,0,0,0,0,33,-13,-13,-38,-35,-38,-38,-38,-18,-64,-60,-46,-6,-20,0,0,0,-4,-6,-46,-29,-70,0,0,0,0,0,-204,-200,-230,-220,-234,-231,-214,-227,-217,-218,-229,-197,-236,-240,-236,-235,-734,-413,-1517,-1475]} 1. Nf3 g6 2. d4 Nf6 3. g3 Bg7 4. Bg2 d5 5. O-O c6 6. Nbd2 O-O 7. b3 Bf5 8. Bb2 a5 {D02: 1 d4 d5 2 Nf3 sidelines, including 2...Nf6 3 g3 and 2...Nf6 3 Bf4} (8... Re8 9. c4 a5 10. a3 Ne4 11. e3 Nd7 12. Re1 Nxd2 13. Nxd2 Nc5 14. Bc3 Ne4 15. Nxe4 Bxe4 16. f3 {½-½ (39) Dziuba,M (2584)-Duda,J (2717) Katowice 2017}) 9. a3 Ne4 10. Nh4 Nxd2 {The position is equal.} 11. Qxd2 Be6 12. f4 Qd7 13. Qd3 $146 ({Predecessor:} 13. Rf2 Rd8 14. Rd1 a4 {½-½ (14) Baum,B (2278)-Dekic,J (2286) Balatonlelle 2002}) 13... Bh3 14. Bxh3 Qxh3 15. e4 dxe4 16. Qxe4 Nd7 17. Rae1 (17. a4 {keeps more tension.} e6 18. c4 Rfd8 19. Rad1 Nc5 20. Qe3) 17... Nf6 18. Qg2 (18. Qe2 {looks sharper.} e6 19. a4 b5 20. Nf3 Rfb8 21. Ba3) 18... Qxg2+ $1 19. Kxg2 e6 20. Nf3 b5 21. a4 bxa4 22. Ba3 Rfb8 23. bxa4 Bf8 24. Bxf8 Kxf8 25. Ne5 Rb4 26. c4 Rxa4 27. Rb1 Ne4 (27... Ra2+ $1 $15 28. Kg1 Ra7) 28. Rb7 $11 Nd6 29. Rd7 Nxc4 {[#] White must now prevent ...Ne3+.} 30. Rb1 $2 (30. Kh3 $11) 30... Nxe5 $19 31. fxe5 {[%mdl 4096] Endgame KRR-KRR} Ra2+ 32. Kf3 {[#]} Kg8 $1 ({Don't do} 32... Rxh2 33. Rbb7) 33. Rbb7 Rf8 34. h4 Ra3+ 35. Kf4 Ra1 36. Kf3 a4 {[%cal Ba5a4,Ba4a3,Ba3a2][%mdl 32]} 37. Kg2 a3 {...a2 is the strong threat.} 38. Ra7 $2 (38. Rb3) 38... a2 39. Rdb7 (39. d5 $142 cxd5 40. Rdc7) 39... Rb1 {Accuracy: White = 43%, Black = 63%.} 0-1

[Event "8th Llucmajor Open 2019"]
[Site "S'Arenal de Llucmajor"]
[Date "2019.05.20"]
[Round "3.3"]
[White "Bernadskiy, Vitaliy"]
[Black "Karpatchev, Aleksandr"]
[Result "1/2-1/2"]
[WhiteElo "2572"]
[BlackElo "2423"]
[Annotator "TA"]
[PlyCount "18"]
[EventDate "2019.05.19"]
[EventType "swiss"]
[EventCountry "ESP"]
[SourceTitle "playchess.com"]
[Source "ChessBase"]
[SourceQuality "1"]

{[%evp 9,18,10,9,-12,-12,-3,39,-111,-141,-136,-127]} 1. d4 d5 2. Nf3 Nf6 3. c4 dxc4 4. Qa4+ Nc6 5. e3 Nd7 6. Qxc4 {D23: Queen's Gambit Accepted: 3 Nf3 Nf6 sidelines} e5 7. dxe5 Nc5 {Black wants to play ...Be6.} 8. Be2 $146 (8. Nbd2 $14 {stays ahead.}) ({Predecessor:} 8. Bd2 Bf5 9. Bc3 Be7 10. Nbd2 O-O 11. Be2 Nd3+ 12. Kf1 Ndb4 13. h4 {1-0 (34) Soppe,G (2485)-Herman,D (2115) Pico City 1996}) 8... Be6 $17 {[%mdl 1024] Black has strong compensation.} 9. Qc2 Nb4 $1 {[%csl LRa2,LRc2]} 1/2-1/2

[Event "8th Llucmajor Open 2019"]
[Site "S'Arenal de Llucmajor"]
[Date "2019.05.20"]
[Round "3.4"]
[White "Souleidis, Georgios"]
[Black "Fier, Alexandr"]
[Result "0-1"]
[WhiteElo "2417"]
[BlackElo "2555"]
[Annotator "TA"]
[PlyCount "58"]
[EventDate "2019.05.19"]
[EventType "swiss"]
[EventCountry "ESP"]
[SourceTitle "playchess.com"]
[Source "ChessBase"]
[SourceQuality "1"]

{[%evp 30,58,7,2,53,8,53,0,-20,-5,36,-37,-8,-78,-75,-312,-201,-199,-194,-293,-300,-285,-263,-406,-272,-902,-902,-1126,-1062,-29979,-29980]} 1. e4 c5 2. Nc3 Nc6 3. Bb5 Nd4 4. Nf3 e6 5. O-O a6 6. Bd3 Nc6 7. Be2 d6 8. d4 cxd4 9. Nxd4 Nf6 10. Be3 Be7 11. f4 O-O 12. Qe1 Nxd4 13. Bxd4 b5 14. a3 Bb7 15. Qg3 g6 16. Bd3 Qd7 {B85: Sicilian Scheveningen: 6 Be2 a6, lines with early Be3} (16... Rc8 $11) 17. Rae1 Rad8 18. Kh1 ({White should play} 18. f5 $14) 18... Nh5 $11 {The position is equal.} 19. Qf2 $146 ({Predecessor:} 19. Qg4 Nf6 {½-½ (20) Petrov,M (2439)-Fier,A (2574) Thessaloniki 2018}) 19... Rde8 20. e5 (20. f5 $14) 20... f5 21. exf6 (21. Be2 $11 {keeps the balance.}) 21... Bxf6 $17 22. Qe3 $2 (22. Be4 $17) 22... Bxd4 ({And not} 22... Qc6 23. Be4 $11) 23. Qxd4 {[#]} e5 $1 $40 {[%cal Re5d4][%mdl 640] Black goes for the king.} 24. fxe5 {[#]} (24. Qe3 $142) 24... Ng3+ $1 $19 {[%mdl 576] Double Attack} 25. Kg1 (25. hxg3 Qh3+) 25... Nxf1 26. Bxf1 (26. Rxf1 $142 Rxf1+ 27. Bxf1) 26... Qf7 27. a4 $2 (27. Bd3) 27... Rxe5 {[%cal Be8e5,Be5f5,Bf5f2][%mdl 32]} 28. Rd1 Rf5 {[%cal Rf5f1]} 29. Bd3 Rf2 {Accuracy: White =  6%, Black = 44%.} 0-1

[Event "8th Llucmajor Open 2019"]
[Site "S'Arenal de Llucmajor"]
[Date "2019.05.21"]
[Round "3.5"]
[White "Rasmussen, Allan Stig"]
[Black "Hyndiuk, Aleksander"]
[Result "1-0"]
[WhiteElo "2552"]
[BlackElo "2411"]
[Annotator "TA"]
[PlyCount "133"]
[EventDate "2019.05.19"]
[EventType "swiss"]
[EventCountry "ESP"]
[SourceTitle "playchess.com"]
[Source "ChessBase"]
[SourceQuality "1"]

{[%evp 19,133,3,17,14,21,24,12,18,51,26,48,42,50,35,41,42,49,33,22,32,54,29,33,39,41,37,49,22,37,35,35,35,37,34,52,52,39,27,36,21,20,21,21,21,16,16,62,12,12,13,16,12,13,11,17,6,7,3,81,84,85,85,93,93,100,93,98,98,104,102,105,86,88,86,205,205,224,215,197,73,71,32,47,12,64,56,272,272,272,272,272,272,265,8,8,8,769,769,760,422,360,143,29960,29961,29962,29965,29960,29967,29968,29969,29968,29970,29967,29968,29966,29963]} 1. d4 Nf6 2. c4 g6 3. Nf3 Bg7 4. Nc3 d5 5. e3 O-O 6. cxd5 Nxd5 7. Bc4 Nxc3 8. bxc3 c5 9. O-O Qc7 10. Qe2 b6 11. e4 {D94: Grünfeld: 4 Nf3 Bg7 5 e3} (11. Ba3 Bb7 12. Rab1 Nd7 13. Rfc1 e5 14. Bb5 Be4 15. Rb3 Bd5 16. Bc4 Bxc4 17. Qxc4 Rac8 18. h3 Rfe8 {0-1 (42) Sjugirov,S (2646)-Kamsky,G (2740) Moscow 2013}) 11... Bg4 12. Be3 Nc6 13. Rac1 {The position is equal.} Qd6 $146 {[%cal Rc5d4]} ({Predecessor:} 13... Na5 14. Bd3 e5 15. h3 Bxf3 16. Qxf3 Qd7 17. Qg4 Qxg4 18. hxg4 exd4 19. cxd4 cxd4 {1-0 (87) Gajewski,G (2621)-Biolek,R (2440) Czech Republic 2017}) 14. e5 Qc7 15. h3 Bxf3 $1 16. Qxf3 e6 17. Rfd1 Ne7 {[%cal Bc6e7,Be7d5,Bd5b4,Bb4c2][%mdl 32]} 18. Bg5 h6 19. Be3 Rad8 20. Qe4 Nd5 21. Bd2 cxd4 22. cxd4 Qd7 23. Qe2 Rc8 24. Bb5 Qe7 25. Bc6 Nb4 26. Be4 Rfd8 27. Rxc8 Rxc8 28. Qb5 Bf8 29. Rb1 {[%cal Rd2b4]} Nc2 30. Qd3 Qd7 $1 31. d5 exd5 $1 32. Bxd5 {Strongly threatening Qxg6+.} Bg7 33. Rc1 {With the idea Be3.} Rc5 34. Bxf7+ Qxf7 35. Rxc2 Rxe5 36. Be3 Kh7 37. Qd6 {next Rc7 is good for White.} Rd5 38. Rc7 Rxd6 (38... Qxf2+ $1 $11 39. Kxf2 Rxd6) 39. Rxf7 $11 {[%mdl 4096] Endgame KRB-KRB} a6 40. Ra7 b5 41. Bc5 Rd1+ 42. Kh2 {Black must now prevent Bf8.} Kg8 43. Rxa6 Be5+ 44. g3 Kf7 45. Be3 h5 46. Ra5 h4 (46... Bd4 $16) 47. Rxb5 $18 hxg3+ 48. fxg3 Ke6 49. a4 (49. Kg2 $18) 49... Ra1 $16 50. a5 Ra2+ 51. Kg1 {Threatens to win with g4.} Ra3 (51... Bxg3 $11 52. Rg5 Bh4) 52. Kf2 {g4 is the strong threat.} Bxg3+ $2 (52... Bc7 $14) 53. Kxg3 $18 Rxe3+ $14 {[#] KR-KR} 54. Kg4 $1 Kf6 55. Rb6+ Kg7 56. a6 $2 ({Better is} 56. Rb8 $18) 56... Ra3 $11 57. Rb7+ Kh6 $2 {[%mdl 8192]} (57... Kf6 $11) 58. a7 $18 Ra4+ 59. Kf3 Kg5 60. Ke3 $2 (60. Rf7 $18) 60... Ra3+ $2 {[%mdl 8192] [#]} (60... Kf6 $16 61. h4 Ke5) 61. Kd4 {White mates.} Kh4 62. Rh7+ Kg3 63. h4 Ra5 64. Kc4 Kg4 65. Kb4 Ra1 66. Kc5 Kg3 67. Kb6 {Accuracy: White = 55%, Black = 44%.} 1-0

[Event "8th Llucmajor Open 2019"]
[Site "S'Arenal de Llucmajor"]
[Date "2019.05.21"]
[Round "3.6"]
[White "Arizmendi Martinez, Julen Luis"]
[Black "Raetsky, Alexander"]
[Result "1-0"]
[WhiteElo "2511"]
[BlackElo "2394"]
[Annotator "TA"]
[PlyCount "81"]
[EventDate "2019.05.19"]
[EventType "swiss"]
[EventCountry "ESP"]
[SourceTitle "playchess.com"]
[Source "ChessBase"]
[SourceQuality "1"]

{[%evp 16,81,37,22,46,52,54,41,48,56,50,57,56,55,64,57,50,56,62,65,76,56,69,73,64,67,77,68,58,71,83,83,85,48,29,0,0,0,46,52,50,4,6,-15,16,34,106,54,307,228,366,320,308,295,433,98,202,177,29979,29980,29980,591,591,591,29992,29993,29993,29994]} 1. e4 e5 2. Nf3 Nf6 3. Nxe5 d6 4. Nf3 Nxe4 5. d3 Nf6 6. d4 Be7 7. Bd3 O-O 8. O-O Bg4 9. Re1 c5 {C42: Petroff Defence: 3 Nxe5 and unusual White 3rd moves} 10. h3 Bh5 11. d5 Nbd7 {White is slightly better.} 12. g4 Bg6 13. Nc3 {[#]} a6 $146 ({Predecessor:} 13... Ne8 14. Qe2 Bf6 15. Bxg6 hxg6 16. Ne4 Ne5 17. Nxe5 dxe5 {1-0 (64) Xiong,J (2650)-Belous,V (2558) Greensboro 2018}) 14. a4 Re8 15. Bxg6 hxg6 16. Qd3 Qc7 17. Bf4 Bf8 18. Nd2 Ne5 19. Bxe5 dxe5 20. Nce4 Nxe4 21. Nxe4 ({Much weaker is} 21. Rxe4 f5 $15) 21... c4 22. Qf3 Rad8 23. Rad1 Qd7 24. b3 cxb3 25. cxb3 Bb4 26. Rf1 b5 27. axb5 Qxb5 28. Kg2 Rd7 29. Rd3 Red8 30. Rfd1 a5 (30... Rf8 $14) 31. h4 (31. d6 $16) 31... Be7 $2 {[%mdl 8192]} (31... Rf8 $1 $14) 32. g5 a4 (32... Bc5 $142 33. Rh1 Bd4) 33. bxa4 Qxa4 34. d6 Bf8 (34... Bxd6 $142 35. Rxd6 Rxd6 36. Rxd6 Rxd6 37. Nxd6 Qd7) 35. Rh1 $2 (35. h5 $18 {is the precise move to win.}) 35... Bxd6 (35... Rxd6 $16 36. Nxd6 Rxd6) 36. h5 $18 {aiming for hxg6.} Be7 $2 {[#]} (36... Bf8 $18 37. hxg6 fxg6) 37. hxg6 $1 {[%mdl 512]} fxg6 {[#]} 38. Qg4 $3 {[%mdl 512]} Qc6 {[#]} 39. Rc1 $1 {[%cal Rc1c6][%mdl 512]} Qxc1 {[#]} 40. Qe6+ $1 Kf8 41. Rh3 {Accuracy: White = 64%, Black = 36%.} 1-0

[Event "8th Llucmajor Open 2019"]
[Site "S'Arenal de Llucmajor"]
[Date "2019.05.21"]
[Round "3.7"]
[White "Naumkin, Igor"]
[Black "Golubka, Petro"]
[Result "1/2-1/2"]
[WhiteElo "2382"]
[BlackElo "2498"]
[Annotator "TA"]
[PlyCount "112"]
[EventDate "2019.05.19"]
[EventType "swiss"]
[EventCountry "ESP"]
[SourceTitle "playchess.com"]
[Source "ChessBase"]
[SourceQuality "1"]

{[%evp 15,112,96,101,93,82,100,77,78,97,76,53,47,116,119,122,118,111,116,110,62,150,150,208,207,325,322,329,316,304,318,343,364,362,368,365,371,355,335,412,408,410,404,385,389,373,326,324,308,297,280,256,253,197,172,169,168,158,141,143,138,138,139,138,139,139,139,136,107,119,87,152,79,123,65,103,75,75,77,77,20,20,8,8,8,8,8,8,8,58,8,8,8,8,0,0,0,0,0,0]} 1. d4 Nf6 2. c4 c5 3. d5 e6 4. Nc3 exd5 5. cxd5 Bd6 6. Nf3 O-O 7. g3 Bc7 8. d6 Ba5 9. Bg2 $1 {A60: Modern Benoni: Early Divergences} Ne4 10. Qd3 (10. O-O Nxc3 11. bxc3 Bxc3 12. Bg5 Bf6 13. Qd5 Na6 14. Rac1 Rb8 15. Qf5 b5 16. e4 Bxg5 17. Nxg5 {½-½ (37) Tomashevsky,E (2706)-Aronian,L (2813) Tromsoe 2013}) 10... Bxc3+ 11. bxc3 {White is better.} Qf6 12. O-O $1 Re8 13. Nh4 $146 ({Predecessor:} 13. Bf4 Qe6 14. Nd2 Nxd2 15. Qxd2 Nc6 16. Rad1 Rb8 {1-0 (42) Morozevich,A (2711)-Miezis,N (2496) Jurmala 2015}) 13... c4 (13... Qe6 $1 $14) 14. Qxc4 $16 Qxc3 15. Qxc3 Nxc3 16. Bb2 $36 {[%mdl 2048] White is in control.} Na4 17. Ba3 Nc6 {[#]} (17... g6 $1 $14) 18. Nf5 $1 a5 (18... Nb6 $16 {might work better.} 19. Rac1 Rxe2) 19. Rac1 Ra6 (19... Rb8 $142 20. Ne7+ Nxe7) 20. Rfd1 $18 g6 21. Ne7+ Kg7 22. e3 Nxe7 23. dxe7 Re6 {Black hopes to continue with ...b5.} 24. Bd5 b5 25. Bxe6 fxe6 26. Bd6 Kf7 27. Rd4 g5 28. h4 h6 29. hxg5 hxg5 30. Rg4 {Strongly threatening f4.} Nb2 31. Rxg5 Nc4 32. Rxc4 ({Not} 32. Rxb5 Nxd6 33. Rxa5 Bb7 $16) 32... bxc4 {[%mdl 4096] Endgame KRB-KRB} 33. Rc5 ({Much less strong is} 33. Rxa5 $6 Bb7 $16) 33... Ba6 34. Rxa5 Bb7 35. Kf1 Bf3 36. Rc5 Rh8 {[%cal Rh8h1]} 37. e8=Q+ Rxe8 38. Rxc4 {Rf4+ is the strong threat.} Bd5 39. Rf4+ Kg6 40. a3 e5 41. Rg4+ Kf5 42. Rb4 Bf3 {[#]} (42... Rc8 $142) 43. Ke1 ({White should play} 43. Rb8 $1 {[%cal Rb8e8]} Rxb8 44. Bxb8) 43... Rh8 {White must now prevent ...Rh1+.} 44. Kd2 (44. Rh4 $16 Ra8 45. Kd2) 44... Rh6 45. g4+ Ke6 46. Bb8 Rh2 47. e4 (47. Rb6+ $16 Kd5 48. Kc3) 47... Bxg4 $11 48. Rb6+ Kf7 49. Bxe5 Rxf2+ 50. Kc3 Rf3+ 51. Kb4 Be6 (51... Re3 $5 {[%cal Re3e4]} 52. Rf6+ Ke7 $11) 52. Rd6 Rb3+ {The position is equal.} 53. Ka4 Re3 54. Rd4 d5 55. Bf4 Rxe4 56. Rxe4 dxe4 {Accuracy: White = 68%, Black = 57%.} 1/2-1/2